[Event "Paracin Summer op-A 12th"]
[Site "Paracin"]
[Date "2019.07.09"]
[Round "5"]
[White "Farkas, Sandor I"]
[Black "Ilic, Ilija"]
[Result "1/2-1/2"]
[WhiteElo "2048"]
[BlackElo "1829"]
[PlyCount "44"]
[EventDate "2019.07.05"]
[EventType "swiss"]
[EventRounds "9"]
[EventCountry "SRB"]
[SourceTitle "CBM 191 Extra"]
[Source "ChessBase"]
[SourceDate "2019.09.30"]
[SourceVersion "1"]
[SourceVersionDate "2019.09.30"]
[SourceQuality "1"]

1. e4 d6 2. d4 Nf6 3. Nc3 g6 4. Nf3 Bg7 5. Be3 Nc6 6. d5 Ne5 7. Nxe5 dxe5 8. Qd2 Ng4 9. Bg5 h6 10. Bh4 Nf6 11. 0-0-0 g5 12. Bg3 Nh5 13. Be2 Nf4 14. h4 c6 15. hxg5 hxg5 16. Rxh8+ Bxh8 17. Qe3 Qb6 18. Bxf4 exf4 19. Qf3 Bd7 20. Qh5 0-0-0 21. Qxf7 Bxc3 22. bxc3 Qxf2 1/2-1/2

[Event "Paracin Summer op-A 12th"]
[Site "Paracin"]
[Date "2019.07.05"]
[Round "1"]
[White "Ilic, Ilija"]
[Black "Saksham, Rautela"]
[Result "0-1"]
[WhiteElo "1829"]
[BlackElo "2232"]
[PlyCount "54"]
[EventDate "2019.07.05"]
[EventType "swiss"]
[EventRounds "9"]
[EventCountry "SRB"]
[SourceTitle "EXT 2020"]
[Source "ChessBase"]
[SourceDate "2019.10.17"]
[SourceVersion "1"]
[SourceVersionDate "2019.10.17"]
[SourceQuality "1"]

1. d4 Nf6 2. Nc3 d5 3. Bf4 e6 4. Qd2 Bb4 5. f3 c5 6. e3 Nc6 7. a3 Qa5 8. dxc5 e5 9. Bg5 d4 10. exd4 exd4 11. Bxf6 gxf6 12. axb4 Qxa1+ 13. Nd1 Be6 14. Bb5 Rg8 15. Kf2 0-0-0 16. Bxc6 bxc6 17. Ne2 Bf5 18. Ng3 Bg6 19. Re1 Qb1 20. Ne4 Bxe4 21. fxe4 d3 22. cxd3 Qxd3 23. Qxd3 Rxd3 24. Ne3 Rb3 25. Nc4 Rxb4 26. Nd6+ Kc7 27. Re2 Rgb8 0-1

[Event "Srpska Republic-chT 1st League"]
[Site "Banja Dvorovi"]
[Date "2018.08.09"]
[Round "6.4"]
[White "Stojanovic, Dalibor"]
[Black "Ilic, Ilija"]
[Result "1-0"]
[WhiteElo "2480"]
[BlackElo "1866"]
[PlyCount "75"]
[EventDate "2018.08.04"]
[EventType "team-tourn"]
[EventRounds "9"]
[EventCountry "BIH"]
[SourceTitle "CBM 186 Extra"]
[Source "ChessBase"]
[SourceDate "2018.08.24"]
[SourceVersion "1"]
[SourceVersionDate "2018.08.24"]
[SourceQuality "1"]
[WhiteTeam "Brcko Jedinstvo"]
[BlackTeam "Bijeljina Svetozar Gligoric"]
[WhiteTeamCountry "BIH"]
[BlackTeamCountry "BIH"]

1. e4 d6 2. d4 Nf6 3. Nc3 g6 4. Bg5 h6 5. Bh4 Bg7 6. Qd2 c6 7. 0-0-0 b5 8. f3 a5 9. Kb1 0-0 10. g4 Nh7 11. Bf2 a4 12. Nce2 Qa5 13. c3 Nd7 14. Be3 g5 15. h4 f6 16. Ng3 Nb6 17. Nh5 Nc4 18. Bxc4+ bxc4 19. Nxg7 Kxg7 20. a3 Rh8 21. hxg5 Nxg5 22. Qg2 Rb8 23. Rc1 e5 24. Nh3 Be6 25. f4 exf4 26. Nxf4 Bf7 27. Nh5+ Bxh5 28. Rxh5 Qd8 29. Bf4 Rb5 30. Ka1 Ne6 31. Rxb5 cxb5 32. Bg3 Ng5 33. e5 Qa8 34. exf6+ Kxf6 35. d5 Nf7 36. Rf1+ Kg7 37. Qf3 Qf8 38. Qf6+ 1-0

[Event "Srpska Republic-chT 1st League"]
[Site "Banja Dvorovi"]
[Date "2018.08.06"]
[Round "3.4"]
[White "Ilic, Ilija"]
[Black "Mihojlic, Miodrag"]
[Result "1/2-1/2"]
[WhiteElo "1866"]
[BlackElo "2066"]
[PlyCount "29"]
[EventDate "2018.08.04"]
[EventType "team-tourn"]
[EventRounds "9"]
[EventCountry "BIH"]
[SourceTitle "CBM 186 Extra"]
[Source "ChessBase"]
[SourceDate "2018.08.24"]
[SourceVersion "1"]
[SourceVersionDate "2018.08.24"]
[SourceQuality "1"]
[WhiteTeam "Bijeljina Svetozar Gligoric"]
[BlackTeam "Bileca Hercegovac"]
[WhiteTeamCountry "BIH"]
[BlackTeamCountry "BIH"]

1. d4 Nf6 2. Nc3 d5 3. Bf4 e6 4. e3 c5 5. Nf3 cxd4 6. exd4 Bb4 7. a3 Bxc3+ 8. bxc3 Qa5 9. Qd3 Ne4 10. Bd2 Nd7 11. c4 Nxd2 12. Qxd2 Qxd2+ 13. Nxd2 0-0 14. cxd5 exd5 15. Bd3 1/2-1/2

[Event "BIH-chT1"]
[Site "Dvorovi"]
[Date "2016.08.13"]
[Round "8"]
[White "Ilic, Ilija"]
[Black "Savic, Miodrag R"]
[Result "0-1"]
[WhiteElo "1859"]
[BlackElo "2511"]
[PlyCount "86"]
[EventDate "2016.08.06"]
[EventType "team-tourn"]
[EventRounds "9"]
[EventCountry "BIH"]
[SourceTitle "CBM 174 Extra"]
[Source "ChessBase"]
[SourceDate "2016.10.10"]
[SourceVersion "1"]
[SourceVersionDate "2016.10.10"]
[SourceQuality "1"]

1. d4 Nf6 2. Bf4 d6 3. c4 g6 4. Nc3 Bg7 5. Qd2 h6 6. e4 g5 7. Be3 Ng4 8. Nge2 Nd7 9. Ng3 Nxe3 10. fxe3 h5 11. 0-0-0 h4 12. Nge2 c6 13. Kb1 a6 14. Nc1 b5 15. a3 Nb6 16. cxb5 cxb5 17. Bd3 Be6 18. d5 Bg4 19. Rdf1 Rc8 20. N1e2 Nc4 21. Bxc4 Rxc4 22. Nd4 Qb6 23. Rc1 Bh5 24. Rhf1 Bg6 25. Nf5 Be5 26. g4 hxg3 27. hxg3 b4 28. axb4 Qxb4 29. g4 Rh2 30. Rf2 Rxf2 31. Qxf2 Rxc3 32. Rc2 Bxf5 33. Qxf5 Rxc2 34. Kxc2 Qxb2+ 35. Kd1 Qb3+ 36. Kd2 Qc3+ 37. Ke2 Qc2+ 38. Kf3 Bf6 39. Qh7 Qd1+ 40. Kf2 Qd2+ 41. Kf3 Qe1 42. Qg8+ Kd7 43. Qa8 Qf1+ 0-1

[Event "SRB Central-ch op-A 9th"]
[Site "Paracin"]
[Date "2016.07.08"]
[Round "2"]
[White "Ererdem, Gani Eren"]
[Black "Ilic, Ilija"]
[Result "1-0"]
[WhiteElo "2151"]
[BlackElo "1866"]
[PlyCount "79"]
[EventDate "2016.07.07"]
[EventType "swiss"]
[EventRounds "9"]
[EventCountry "SRB"]
[SourceTitle "CBM 173 Extra"]
[Source "ChessBase"]
[SourceDate "2016.08.29"]
[SourceVersion "1"]
[SourceVersionDate "2016.08.29"]
[SourceQuality "1"]

1. e4 d6 2. d4 Nf6 3. Nc3 g6 4. f4 Bg7 5. Nf3 0-0 6. Bd3 c5 7. d5 a6 8. a4 e6 9. dxe6 fxe6 10. 0-0 Nc6 11. Kh1 d5 12. e5 Ne8 13. Ng5 Bh6 14. Nh3 Bg7 15. b3 Nb4 16. Ba3 b6 17. Bxb4 cxb4 18. Ne2 Bh6 19. Nd4 Qe7 20. Qg4 Ng7 21. Rad1 Nf5 22. Bxf5 exf5 23. Qf3 Be6 24. Nxe6 Qxe6 25. Rxd5 Rac8 26. Rd6 Qf7 27. Qe2 a5 28. Rd2 Qc7 29. Rfd1 Rfe8 30. Qd3 Qc6 31. Qe3 Bf8 32. Ng5 Be7 33. Nf3 Bc5 34. Qe2 h6 35. h3 Qe4 36. Qa6 Qxf4 37. Rd7 h5 38. Qb7 Qh6 39. Ng5 Rf8 40. Rh7 1-0

[Event "SRB Central-ch op-A 9th"]
[Site "Paracin"]
[Date "2016.07.07"]
[Round "1"]
[White "Ilic, Ilija"]
[Black "Topalov, Aleksandar"]
[Result "0-1"]
[WhiteElo "1866"]
[BlackElo "2250"]
[PlyCount "76"]
[EventDate "2016.07.07"]
[EventType "swiss"]
[EventRounds "9"]
[EventCountry "SRB"]
[SourceTitle "CBM 173 Extra"]
[Source "ChessBase"]
[SourceDate "2016.08.29"]
[SourceVersion "1"]
[SourceVersionDate "2016.08.29"]
[SourceQuality "1"]

1. d4 Nf6 2. Nc3 d5 3. Bf4 Bf5 4. f3 c6 5. Qd2 Nbd7 6. e3 h6 7. g4 Bg6 8. h4 h5 9. g5 Ng8 10. e4 e6 11. Nh3 Bb4 12. Nf2 Ne7 13. a3 Ba5 14. b4 Bc7 15. Nd3 0-0 16. Qh2 Bxf4 17. Nxf4 e5 18. Nxg6 Nxg6 19. 0-0-0 a5 20. b5 Qe7 21. Kb2 Nb6 22. Qf2 exd4 23. Qxd4 c5 24. Qf2 d4 25. Nb1 Qe5 26. Qh2 Nf4 27. Qd2 g6 28. Kc1 Rfd8 29. c3 d3 30. Qa2 a4 31. Kb2 Ra5 32. Rh2 Rxb5+ 33. Kc1 c4 34. Rb2 Rb3 35. Rxb3 axb3 36. Qf2 Na4 37. Rd2 b6 38. Qe3 Nc5 0-1

[Event "Oceania zt"]
[Site "Cammeray"]
[Date "2015.07.09"]
[Round "8"]
[White "Ilic, Ilija"]
[Black "Chek, Adrian Carl"]
[Result "0-1"]
[WhiteElo "1897"]
[BlackElo "2050"]
[PlyCount "86"]
[EventDate "2015.07.04"]
[EventType "swiss"]
[EventRounds "9"]
[EventCountry "AUS"]
[SourceTitle "EXT 2017"]
[Source "ChessBase"]
[SourceDate "2016.10.25"]
[SourceVersion "1"]
[SourceVersionDate "2016.10.25"]
[SourceQuality "1"]

1. d4 d5 2. Bf4 e6 3. Nc3 Nf6 4. e3 Bd6 5. Nh3 0-0 6. Be2 b6 7. 0-0 c5 8. Bxd6 Qxd6 9. f4 Bb7 10. Bf3 Ne4 11. Bxe4 dxe4 12. Ne2 Nc6 13. c3 Ne7 14. Ng3 f5 15. Qd2 Rfd8 16. Rfd1 Rac8 17. Rac1 Ba6 18. Re1 Nd5 19. a3 Nf6 20. Qd1 cxd4 21. cxd4 Rxc1 22. Qxc1 Rc8 23. Qd1 Qc6 24. Qb3 Qc4 25. Qxc4 Rxc4 26. Nf1 h6 27. Nf2 Rc2 28. Nd1 Nd5 29. h3 g5 30. g3 Kf7 31. fxg5 hxg5 32. g4 Kg6 33. Ng3 Bc4 34. b4 Ra2 35. gxf5+ exf5 36. Nf2 Rxa3 37. Rc1 b5 38. Ngxe4 fxe4 39. Nxe4 Nxe3 40. Kf2 Nf5 41. h4 Nxh4 42. Nd6 Ra2+ 43. Ke3 Re2# 0-1

[Event "Blagoevgrad op"]
[Site "Blagoevgrad"]
[Date "2013.10.03"]
[Round "8"]
[White "Ilic, Ilija"]
[Black "Veselinov, Dimcho"]
[Result "0-1"]
[WhiteElo "1953"]
[BlackElo "2124"]
[PlyCount "86"]
[EventDate "2013.09.28"]
[EventType "swiss"]
[EventRounds "9"]
[EventCountry "BUL"]
[SourceTitle "CBM 156 Extra"]
[Source "ChessBase"]
[SourceDate "2013.10.22"]
[SourceVersion "1"]
[SourceVersionDate "2013.10.22"]
[SourceQuality "1"]

1. d4 Nf6 2. Nc3 d5 3. Bf4 e6 4. f3 Bb4 5. a3 Be7 6. e3 0-0 7. g4 c5 8. Nge2 Nc6 9. dxc5 Bxc5 10. b4 Bd6 11. Bg3 a6 12. Nd4 Re8 13. Nxc6 bxc6 14. Bxd6 Qxd6 15. Na4 Nd7 16. c4 c5 17. bxc5 Nxc5 18. Nxc5 Qxc5 19. Qd4 Qe7 20. Kf2 e5 21. Qxd5 Bb7 22. Qd1 Qh4+ 23. Kg1 Rad8 24. Qe2 e4 25. f4 Bc8 26. g5 Rd3 27. Qf2 Qg4+ 28. Bg2 Rd1+ 29. Rxd1 Qxd1+ 30. Bf1 Qd2 31. Bg2 Qd1+ 32. Qf1 Qd2 33. h3 Qxe3+ 34. Kh2 Rd8 35. Rg1 Rd2 36. Kh1 g6 37. a4 Bf5 38. c5 Rf2 39. Qc1 Qg3 40. Qe1 Bxh3 41. Qxf2 Qxf2 42. Bxh3 Qf3+ 43. Bg2 Qh5+ 0-1

[Event "Blagoevgrad op"]
[Site "Blagoevgrad"]
[Date "2013.09.29"]
[Round "2"]
[White "Ilic, Ilija"]
[Black "Stoyanov, Radoy"]
[Result "1/2-1/2"]
[WhiteElo "1953"]
[BlackElo "2152"]
[PlyCount "123"]
[EventDate "2013.09.28"]
[EventType "swiss"]
[EventRounds "9"]
[EventCountry "BUL"]
[SourceTitle "CBM 156 Extra"]
[Source "ChessBase"]
[SourceDate "2013.10.22"]
[SourceVersion "1"]
[SourceVersionDate "2013.10.22"]
[SourceQuality "1"]

1. d4 Nf6 2. Nc3 d5 3. Bf4 e6 4. f3 Bd6 5. Bxd6 Qxd6 6. a3 0-0 7. e4 e5 8. Nge2 dxe4 9. fxe4 Bg4 10. dxe5 Qxe5 11. Qd4 Qg5 12. h4 Qh6 13. Qd2 Qxd2+ 14. Kxd2 Nc6 15. Ng3 Rad8+ 16. Bd3 Ne5 17. Rae1 c5 18. Ke3 h5 19. b3 Be6 20. Be2 Neg4+ 21. Bxg4 Nxg4+ 22. Kf4 Rd2 23. Re2 Rfd8 24. Rhe1 g6 25. Rxd2 Rxd2 26. Re2 Rd7 27. Nf1 f6 28. Rd2 Ne5 29. Rxd7 Bxd7 30. Ne3 g5+ 31. hxg5 Ng6+ 32. Kf3 fxg5 33. Ncd5 Kf7 34. g3 Ne5+ 35. Kg2 a5 36. Nc4 Nxc4 37. bxc4 Ke6 38. c3 Ke5 39. Kf3 Bg4+ 40. Ke3 h4 41. gxh4 gxh4 42. Nf4 h3 43. Nd3+ Kf6 44. Kf4 Be6 45. Nf2 h2 46. Kg3 Bxc4 47. Ng4+ Kg6 48. Nxh2 b5 49. Nf3 Be2 50. Nd2 Kg5 51. Kf2 Bd1 52. Ke3 a4 53. Kd3 Kf4 54. Nf1 Bb3 55. Nd2 Ba2 56. Ke2 Bf7 57. Kd3 Bg6 58. c4 b4 59. axb4 cxb4 60. c5 Be8 61. Kc4 b3 62. Kc3 1/2-1/2

[Event "Blagoevgrad op"]
[Site "Blagoevgrad"]
[Date "2013.09.29"]
[Round "3"]
[White "Vachev, Vladimir"]
[Black "Ilic, Ilija"]
[Result "1/2-1/2"]
[WhiteElo "2155"]
[BlackElo "1953"]
[PlyCount "49"]
[EventDate "2013.09.28"]
[EventType "swiss"]
[EventRounds "9"]
[EventCountry "BUL"]
[SourceTitle "CBM 156 Extra"]
[Source "ChessBase"]
[SourceDate "2013.10.22"]
[SourceVersion "1"]
[SourceVersionDate "2013.10.22"]
[SourceQuality "1"]

1. d4 d6 2. Nf3 Nf6 3. c4 g6 4. Nc3 Bg7 5. e4 0-0 6. Be2 Nc6 7. d5 Ne5 8. Nxe5 dxe5 9. Be3 h6 10. 0-0 Kh7 11. b4 c6 12. dxc6 Qxd1 13. Rfxd1 bxc6 14. Bc5 Re8 15. f3 Be6 16. Be3 Nd7 17. Nd5 cxd5 18. cxd5 Nf8 19. dxe6 Nxe6 20. Bc4 Nd4 21. Bxd4 exd4 22. Bxf7 Rec8 23. Rab1 Rab8 24. Kf1 Rb6 25. Bd5 1/2-1/2

[Event "Oceania zt"]
[Site "Nadi"]
[Date "2013.05.08"]
[Round "7"]
[White "Wang, Oscar Miao"]
[Black "Ilic, Ilija"]
[Result "1-0"]
[WhiteElo "2008"]
[BlackElo "1981"]
[PlyCount "119"]
[EventDate "2013.05.05"]
[EventType "swiss"]
[EventRounds "9"]
[EventCountry "FIJ"]
[SourceTitle "CBM 154 Extra"]
[Source "ChessBase"]
[SourceDate "2013.06.25"]
[SourceVersion "2"]
[SourceVersionDate "2013.06.25"]
[SourceQuality "1"]

1. e4 d6 2. d4 Nf6 3. Nc3 g6 4. f4 Bg7 5. Nf3 c6 6. Bd3 0-0 7. 0-0 Nbd7 8. e5 Nd5 9. Nxd5 cxd5 10. Qe1 Nb6 11. Qg3 f6 12. h4 f5 13. h5 Qe8 14. Nh4 gxh5 15. Kf2 e6 16. Rh1 Bd7 17. Be2 Qc8 18. c3 Be8 19. Nf3 Bg6 20. Ng5 dxe5 21. fxe5 Qe8 22. Nh3 Nc4 23. b3 Na5 24. Nf4 Nc6 25. Bxh5 Ne7 26. Nxe6 f4 27. Qg4 Rf5 28. Nxg7 Kxg7 29. Bxf4 Rxf4+ 30. Qxf4 Bxh5 31. Qf6+ Kg8 32. Rxh5 Qxh5 33. Qxe7 Rf8+ 34. Kg1 Qe2 35. Qg5+ Kh8 36. Qg3 b5 37. Re1 Qd2 38. e6 Rg8 39. Qe5+ Rg7 40. Qb8+ Rg8 41. Qe5+ Rg7 42. Qe2 Qxe2 43. Rxe2 Re7 44. Re5 a6 45. Rxd5 Rxe6 46. c4 Re2 47. a4 bxc4 48. bxc4 Ra2 49. Ra5 Rc2 50. Rc5 Kg7 51. Rc6 h5 52. c5 Rc4 53. d5 Rxa4 54. d6 Kf6 55. d7+ Ke7 56. Rd6 Kd8 57. c6 Rc4 58. Rh6 Rc1+ 59. Kh2 Kc7 60. Rh8 1-0

[Event "Oceania zt"]
[Site "Nadi"]
[Date "2013.05.07"]
[Round "5"]
[White "Goundar, Sanmogam"]
[Black "Ilic, Ilija"]
[Result "1/2-1/2"]
[WhiteElo "1936"]
[BlackElo "1981"]
[PlyCount "68"]
[EventDate "2013.05.05"]
[EventType "swiss"]
[EventRounds "9"]
[EventCountry "FIJ"]
[SourceTitle "CBM 154 Extra"]
[Source "ChessBase"]
[SourceDate "2013.06.25"]
[SourceVersion "2"]
[SourceVersionDate "2013.06.25"]
[SourceQuality "1"]

1. e4 d6 2. d4 Nf6 3. Nc3 g6 4. f4 Bg7 5. Nf3 c6 6. Bd3 0-0 7. 0-0 e5 8. fxe5 dxe5 9. dxe5 Ng4 10. Kh1 Nxe5 11. Nxe5 Bxe5 12. Bf4 Qe7 13. Qf3 b5 14. Qg3 Nd7 15. Rae1 Bxf4 16. Rxf4 Qe5 17. Qf3 Qg7 18. Qe3 Ne5 19. Ref1 g5 20. R4f3 Nxf3 21. Rxf3 Be6 22. e5 f5 23. exf6 Rxf6 24. Rxf6 Qxf6 25. Qe4 Bc4 26. Qxh7+ Kf8 27. h3 Bxd3 28. cxd3 Re8 29. Ne4 Qxb2 30. Qf5+ Ke7 31. Qxg5+ Ke6 32. Qg6+ Ke7 33. Qg5+ Ke6 34. Qg6+ Ke7 1/2-1/2

[Event "Oceania zt"]
[Site "Nadi"]
[Date "2013.05.07"]
[Round "6"]
[White "Ilic, Ilija"]
[Black "Dordevic, Ivan"]
[Result "1-0"]
[WhiteElo "1981"]
[BlackElo "2095"]
[PlyCount "33"]
[EventDate "2013.05.05"]
[EventType "swiss"]
[EventRounds "9"]
[EventCountry "FIJ"]
[SourceTitle "CBM 154 Extra"]
[Source "ChessBase"]
[SourceDate "2013.06.25"]
[SourceVersion "2"]
[SourceVersionDate "2013.06.25"]
[SourceQuality "1"]

1. d4 c5 2. d5 Nf6 3. Nc3 g6 4. e4 d6 5. f4 Bg7 6. Nf3 0-0 7. Be2 e6 8. dxe6 Bxe6 9. e5 dxe5 10. Qxd8 Rxd8 11. Nxe5 Nbd7 12. Nxd7 Rxd7 13. Be3 Nd5 14. Nxd5 Bxb2 15. Rb1 Bxd5 16. Rxb2 Re7 17. Bxc5 1-0

[Event "Oceania zt"]
[Site "Nadi"]
[Date "2013.05.06"]
[Round "4"]
[White "Ilic, Ilija"]
[Black "Kumar, Manoj"]
[Result "1/2-1/2"]
[WhiteElo "1981"]
[BlackElo "2012"]
[PlyCount "27"]
[EventDate "2013.05.05"]
[EventType "swiss"]
[EventRounds "9"]
[EventCountry "FIJ"]
[SourceTitle "CBM 154 Extra"]
[Source "ChessBase"]
[SourceDate "2013.06.25"]
[SourceVersion "2"]
[SourceVersionDate "2013.06.25"]
[SourceQuality "1"]

1. d4 d5 2. Nc3 Nf6 3. Bf4 c6 4. f3 Bf5 5. g4 Bg6 6. h4 h6 7. Nh3 e6 8. Qd2 Bb4 9. a3 Qa5 10. Rc1 Bxc3 11. Qxc3 Qxc3+ 12. bxc3 Nbd7 13. Bd6 b5 14. Nf4 1/2-1/2

[Event "Sydney op-A"]
[Site "Parramatta"]
[Date "2013.04.07"]
[Round "9"]
[White "Zheng, Shucheng"]
[Black "Ilic, Ilija"]
[Result "1-0"]
[WhiteElo "1852"]
[BlackElo "1981"]
[PlyCount "105"]
[EventDate "2013.04.03"]
[EventType "swiss"]
[EventRounds "9"]
[EventCountry "AUS"]
[SourceTitle "EXT 2023"]
[Source "ChessBase"]
[SourceDate "2022.10.05"]
[SourceVersion "1"]
[SourceVersionDate "2022.10.05"]
[SourceQuality "1"]

1. d4 d6 2. c4 Nf6 3. Nc3 g6 4. e4 Bg7 5. Be2 0-0 6. Nf3 Nc6 7. 0-0 e5 8. d5 Ne7 9. Ne1 h6 10. Be3 g5 11. Nd3 Ng6 12. c5 Nh7 13. Rc1 f5 14. f3 Nf6 15. cxd6 cxd6 16. Nb5 fxe4 17. fxe4 b6 18. Nf2 Nf4 19. Bf3 Ba6 20. Qa4 Bxb5 21. Qxb5 h5 22. g3 g4 23. gxf4 exf4 24. Bxf4 gxf3 25. Bg5 Qe8 26. Qxe8 Raxe8 27. Rfe1 Ng4 28. b3 Bd4 29. Bh4 Rf7 30. Rc4 Bc5 31. b4 Bxf2+ 32. Bxf2 Rg7 33. Rc3 Rf8 34. h3 Nxf2+ 35. Kxf2 Rg2+ 36. Ke3 Rxa2 37. Rc7 Rb2 38. Rg1+ Rg2 39. Rcc1 Kh7 40. Rxg2 fxg2 41. Rg1 Rf1 42. Rxg2 Rb1 43. e5 Rb3+ 44. Kd4 dxe5+ 45. Kxe5 Rxh3 46. d6 Rd3 47. Ke6 Kh6 48. d7 h4 49. Ke7 Re3+ 50. Kd8 Kh5 51. Rg8 h3 52. b5 Kh4 53. Kc8 1-0

[Event "Sydney op-A"]
[Site "Parramatta"]
[Date "2013.04.03"]
[Round "1"]
[White "Stany, George Anthony"]
[Black "Ilic, Ilija"]
[Result "1-0"]
[WhiteElo "2432"]
[BlackElo "1981"]
[PlyCount "75"]
[EventDate "2013.04.03"]
[EventType "swiss"]
[EventRounds "9"]
[EventCountry "AUS"]
[SourceTitle "EXT 2023"]
[Source "ChessBase"]
[SourceDate "2022.10.05"]
[SourceVersion "1"]
[SourceVersionDate "2022.10.05"]
[SourceQuality "1"]

1. c4 d6 2. g3 Nf6 3. Bg2 g6 4. Nc3 Bg7 5. e4 0-0 6. Nge2 c6 7. 0-0 e5 8. h3 Na6 9. d3 h6 10. Be3 Kh7 11. Qd2 Nc7 12. f4 Ne6 13. d4 exf4 14. gxf4 Ng8 15. d5 Nc7 16. dxc6 bxc6 17. Rad1 Be6 18. Qxd6 Qc8 19. f5 Bxc4 20. Qxc6 Bxe2 21. Nxe2 gxf5 22. exf5 Bxb2 23. Bf4 Qa6 24. Qc2 Qb6+ 25. Kh1 Na6 26. Bxa8 Rxa8 27. Rb1 Nc5 28. Rxb2 Qc6+ 29. Kh2 Qd5 30. Rd1 Qf3 31. Qxc5 Re8 32. Qd5 Rxe2+ 33. Rxe2 Qxe2+ 34. Kg3 f6 35. Qf3 Qxa2 36. Rd7+ Kh8 37. Qb7 Qa3+ 38. Kh4 1-0

[Event "Australian op"]
[Site "Cammeray"]
[Date "2013.01.10"]
[Round "8"]
[White "Otgonjargal, Sengeravdan"]
[Black "Ilic, Ilija"]
[Result "1/2-1/2"]
[WhiteElo "2153"]
[BlackElo "1975"]
[PlyCount "22"]
[EventDate "2013.01.02"]
[EventType "swiss"]
[EventRounds "11"]
[EventCountry "AUS"]
[SourceTitle "CBM 152 Extra"]
[Source "ChessBase"]
[SourceDate "2013.02.25"]
[SourceVersion "1"]
[SourceVersionDate "2013.02.25"]
[SourceQuality "1"]

1. e4 d6 2. d4 Nf6 3. Nc3 g6 4. f3 Bg7 5. Be3 c6 6. Qd2 h6 7. 0-0-0 b5 8. g4 a5 9. Nce2 b4 10. Ng3 Ba6 11. h4 Bxf1 1/2-1/2

[Event "Australian op"]
[Site "Cammeray"]
[Date "2013.01.05"]
[Round "4"]
[White "Ilic, Ilija"]
[Black "Setiabudi, Megan"]
[Result "1/2-1/2"]
[WhiteElo "1975"]
[BlackElo "1809"]
[PlyCount "81"]
[EventDate "2013.01.02"]
[EventType "swiss"]
[EventRounds "11"]
[EventCountry "AUS"]
[SourceTitle "CBM 152 Extra"]
[Source "ChessBase"]
[SourceDate "2013.02.25"]
[SourceVersion "1"]
[SourceVersionDate "2013.02.25"]
[SourceQuality "1"]

1. d4 d6 2. e4 Nf6 3. Bd3 e5 4. c3 d5 5. dxe5 Nxe4 6. Bxe4 dxe4 7. Qxd8+ Kxd8 8. Bg5+ Be7 9. Bxe7+ Kxe7 10. Nd2 Nd7 11. Nxe4 Nxe5 12. 0-0-0 Bf5 13. f3 Rad8 14. Ne2 Nd3+ 15. Kc2 Nf2 16. Rxd8 Kxd8 17. Rf1 Nxe4 18. fxe4 Bxe4+ 19. Kd2 f6 20. g3 Bd5 21. Rf4 c6 22. Rd4 Kc7 23. c4 Bf7 24. Rf4 Re8 25. b3 Bg6 26. a3 Re5 27. h4 Ra5 28. a4 Re5 29. Nd4 Kd7 30. b4 Re4 31. c5 Rxf4 32. gxf4 Be4 33. a5 g6 34. Ke3 Bb1 35. Kf3 Ke7 36. Kg4 a6 37. h5 Kf7 38. h6 Bd3 39. Kh4 Bf5 40. Kg3 Bc8 41. Kh4 1/2-1/2

[Event "Australian op"]
[Site "Cammeray"]
[Date "2013.01.04"]
[Round "3"]
[White "Bishop, Joshua"]
[Black "Ilic, Ilija"]
[Result "1/2-1/2"]
[WhiteElo "1835"]
[BlackElo "1975"]
[PlyCount "24"]
[EventDate "2013.01.02"]
[EventType "swiss"]
[EventRounds "11"]
[EventCountry "AUS"]
[SourceTitle "CBM 152 Extra"]
[Source "ChessBase"]
[SourceDate "2013.02.25"]
[SourceVersion "1"]
[SourceVersionDate "2013.02.25"]
[SourceQuality "1"]

1. e4 d6 2. d4 Nf6 3. Nc3 g6 4. Bc4 Bg7 5. Nf3 0-0 6. 0-0 Nxe4 7. Nxe4 d5 8. Bd3 dxe4 9. Bxe4 c6 10. Be3 Nd7 11. c3 Nf6 12. Bc2 Nd5 1/2-1/2

[Event "AUS-ch Major"]
[Site "Cammeray"]
[Date "2011.01.03"]
[Round "2"]
[White "Ilic, Ilija"]
[Black "Solomon, Stephen J"]
[Result "0-1"]
[WhiteElo "1986"]
[BlackElo "2408"]
[PlyCount "66"]
[EventDate "2011.01.02"]
[EventType "swiss"]
[EventRounds "11"]
[EventCountry "AUS"]
[SourceTitle "CBM 140 Extra"]
[Source "ChessBase"]
[SourceDate "2011.03.01"]
[SourceVersion "1"]
[SourceVersionDate "2011.03.01"]
[SourceQuality "1"]

1. d4 d5 2. Bf4 Nf6 3. Nc3 e6 4. a3 c5 5. e3 a6 6. dxc5 Bxc5 7. b4 Bd6 8. Bxd6 Qxd6 9. Nf3 0-0 10. Be2 Bd7 11. 0-0 Rc8 12. Na2 Ba4 13. Nd4 Nbd7 14. Nb3 b5 15. Bd3 Rc7 16. f4 Bxb3 17. cxb3 Rac8 18. a4 e5 19. fxe5 Nxe5 20. Bf5 Re8 21. Qd4 g6 22. Bh3 bxa4 23. bxa4 Rc4 24. Qb2 Nfg4 25. g3 Nxe3 26. Rf2 d4 27. Bf1 d3 28. Re1 Rc2 29. Rxc2 Nxc2 30. Rd1 Qb6+ 31. Kh1 Qf2 32. Bg2 Ng4 33. Rf1 Re1 0-1